แสดงรายละเอียดบรรณานุกรม
  กลับหน้าหลัก

Brief Record : Get Marc (ISO 2709) : E-mail record : QR code ปิดหน้าต่าง
E-books : เกี่ยวกับ Collections
LEADER 00000nam 2200000uu 4500
001    212251
003     ULIBM
008    020711s2558 th a 000 0 tha d
020    9786167682143
041    ^atha
050  4 BQ4190 ส243ก 2558
100    สมเด็จพระญาณสังวร,|cสมเด็จพระสังฆราช (เจริญ สุวฑฺฒโน),|d2456-
245    การบริหารทางจิตสำหรับผู้ใหญ่/^cสมเด็จพระญาณสังวร สมเด็จพระสังฆราช สกลมหาสังฆปริณายก
250    พิมพ์ครั้งที่ 2
260    นครปฐม :^bโรงพิมพ์มหามกุฎราชวิทยาลัยในพระบรมราชูปถัมภ์,^c2558
300    (34) 297 หน้า :^bภาพประกอบ ;^c26 ซม.
500    ^aรัฐบาลในพระบาทสมเด็จพระปรมินทรมหาภูมิพลอดุลยเดช พิมพ์โดยเสด็จพระราชกุศลในงานพระราชพิธีพระราชทานเพลิงพระศพ สมเด็จพระญาณสังวร สมเด็จพระสังฆราช สกลมหาสังฆปริณายก (จริญ สุวฑฺฒโน) ณ พระเมรุวัดเทพศิรินทราวาส วันพุธที่ 16 ธันวาคม พุทธศักราช 2558
650  4 จิตวิทยา
650  4 ^aพุทธศาสนากับสังคม
650  4 ^aพุทธศาสนากับชีวิตประจำวัน
999    ^aใช้งานได้ทุกระบบ
รายการนี้ยังไม่มีแท็ก
คุณยังไม่ได้ล็อกอิน คุณสามารถมีกิจกรรมร่วมกับเว็บไซต์ได้ แต่ต้องล็อกอินก่อน ::
  ล็อกอิน
ลำดับที่ ประเภท เลขเรียก สถานที่ สถานะ
1. หนังสือทั่วไป
หนังสือทั่วไป
BQ4190 ส243ก 2558 ฉ.1 
  
หนังสือทั่วไป On Shelf
  ขอยืม
   [แสดง 1/1 รายการ]

รายการใกล้เคียง
    หัวเรื่อง [จิตวิทยา]
    หัวเรื่อง [พุทธศาสนากับสังคม]
    หัวเรื่อง [พุทธศาสนากับชีวิตประจำวัน]

BibComment


ยังไม่เคยถูกคอมเมนท์

คอมเมนท์ทรัพยากรรายการนี้
  คอมเมนท์: การบริหารทางจิตสำ..
Bib 212251

 
 
 

 Union Library Management : ULibM
Copyright 2026. All Rights Reserved.
скачать бесплатно без регистрации порно красивый секс HD Sex Hindi sex

xxx gou

xxxx

bfxxx

xxxwww

Секса Видео

xxxx

Секса Видео

detube

geilexxx

C99 Shell

worms shell

blod xxx video
Ebony Coed Rihanna Rimes Takes A Dick In Her Young Twat priyaa indian fuck anal and pusssy hardcore indian women xxx desi hardcore fucking part 1 bengalixxxcouple